Mainland Territories of the World on a Map - Statistics

General Stats
  • This quiz has been taken 86 times
    72 since last reset
  • The average score is 8 of 10
Answers on the Map
Answers color-coded by a green-red scale on the quiz's map according to % correct below.
 
Answer Stats
Territory % Correct
Hong Kong
98%
French Guyana
95%
Gibraltar
95%
Macau
95%
Western Sahara
93%
Somaliland
90%
Transnistria
81%
South Ossetia
74%
Abkhazia
67%
Akrotiri and Dhekelia
38%
No matching quizzes found
Score Distribution
Percent of People with Each Score
Percentile by Number Answered
Your Score History
You have not taken this quiz since the last reset